LEADER 00839nam1 22002773i 450 001 996229048003316 005 20170901102547.0 100 $a20160116d2015----||||0itac50 ba 101 $aita 102 $aIT 105 0 $ay 00 y 200 1 $aManagement$fSergio Barile, Giuseppe Sancetta, Marialuisa Saviano 210 $aTorino$cGiappichelli$d2015 215 $a2 volumi$d24 cm 463 \1$1001996229047903316$12001 $a<> Funzioni e processi nella gestione dell'impresa 606 0 $aAziende$xDirezione$2BNCF 676 $a658.4 700 1$aBARILE,$bSergio$f<1956- >$0117904 701 1$aSAVIANO,$bMarialuisa$0560600 701 1$aSANCETTA,$bGiuseppe$0117287 801 3$aIT$bICCU$c20170828$gISBD 912 $a996229048003316 959 $aBK 969 $aECO 996 $aManagement$91474575 997 $aUNISA